Čechy v době stěhování národů /
Objemné dílo, původně předložené jako doktorská disertační práce, objasňuje "poslední úsek dějin Čech před vystoupením Slovanů v evropských dějinách". Zpočátku kriticky hodnotí poznatky dosavadního bádání, osvětluje problémy a nastiňuje vlastní pracovní program a metodu. Poté sleduje pronikání a vli...
| Hlavní autor: | Svoboda, Bedřich, 1910-1975 |
|---|---|
| Jazyk: | Čeština |
| Vydáno: |
Praha : Academia, 1965 |
| Vydání: | 1. vyd. |
| Edice: |
Acta praehistorica, protohistorica et historica Instituti archeologici Academiae scientiarum Bohemoslovacae
Monumenta archaeologica |
| Témata: | |
| Externí odkaz: |
Digitalizovan dokument
|
| Fyzický popis: |
379, [1] s., obr. příl. |
| Language note: |
Německé resumé |
| LEADER | 02055nam a22003492a 4500 | ||
|---|---|---|---|
| 001 | 000453145 | ||
| 003 | CZ BrMZK | ||
| 005 | 20160201090611.0 | ||
| 007 | ta | ||
| 008 | 990307s1965 xr af f 000 0 cze d | ||
| 040 | |a BOA001 |b cze | ||
| 041 | 1 | |a cze |b ger | |
| 080 | |a 571(437.1) |2 undef | ||
| 080 | |a 571.9(437.1):936:943.71 |2 undef | ||
| 100 | 1 | |a Svoboda, Bedřich, |d 1910-1975 |7 jk01121930 |4 aut | |
| 245 | 1 | 0 | |a Čechy v době stěhování národů / |c Bedřich Svoboda |
| 250 | |a 1. vyd. | ||
| 260 | |a Praha : |b Academia, |c 1965 | ||
| 300 | |a 379, [1] s., obr. příl. | ||
| 490 | 1 | |a Acta praehistorica, protohistorica et historica Instituti archeologici Academiae scientiarum Bohemoslovacae ; |v t. 13 | |
| 490 | 1 | |a Monumenta archaeologica | |
| 504 | |a Bibliografie na s. 303-308. | ||
| 520 | 2 | |a Objemné dílo, původně předložené jako doktorská disertační práce, objasňuje "poslední úsek dějin Čech před vystoupením Slovanů v evropských dějinách". Zpočátku kriticky hodnotí poznatky dosavadního bádání, osvětluje problémy a nastiňuje vlastní pracovní program a metodu. Poté sleduje pronikání a vlivy polabské civilizace a popisuje bohaté hroby žárové a počátky pohřbívání nespálených těl v pozdním římském období, nádoby s úzkým hrdlem a nálezy z různých pohřebišť. Zvláštní pozornost věnuje památkám vinařického stupně a "merovejské" kultury. Závěrem se pokouší o historický výklad doby stěhování národů v Čechách. | |
| 546 | |a Německé resumé | ||
| 830 | 0 | |a Acta praehistorica, protohistorica et historica Instituti archeologici Academiae scientiarum Bohemoslovacae | |
| 830 | 0 | |a Monumenta archaeologica |0 s | |
| 856 | 4 | 1 | |u http://www.digitalniknihovna.cz/mzk/uuid/uuid:a6ecb110-8d61-11e2-a920-005056827e51 |y Digitalizovan dokument |
| 910 | |a BOA001 |b PK-N-0008.923 | ||
| 964 | |a Zeměčeské - dějiny - století 4./6. | ||
| 990 | |a BK | ||
| 991 | |b 200510 | ||
| 996 | 7 | |b 3119832281 |c PK-N-0008.923 |l MZK |r Sklad / do 1 hodiny |n 46 |w 000453145 |u 000010 |a 1 |e BOA001 |j MZK50 |s A | |
English
Čeština 